| 000 | 00476 a2200181 4500 | ||
|---|---|---|---|
| 003 | OSt | ||
| 005 | 20180116182639.0 | ||
| 008 | 160830b xxu||||| |||| 00| 0 eng d | ||
| 020 | _a0074634577 | ||
| 040 | _c0 | ||
| 082 | _a658.562 WEB 1993 | ||
| 100 | _aRichard T | ||
| 245 |
_aBying and Suplying Quality _cRichard T |
||
| 260 |
_aNew Dehli _bMc Graw Hill _c1993 |
||
| 300 |
_a264 p. _bPB |
||
| 440 | _aBying and Suplying Quality | ||
| 942 |
_aNBS _cBK _k658.562 WEB 1993 _2ddc |
||
| 999 |
_c343361 _d343361 |
||